Catálogo público

Land (Record no. 66123)

MARC details
000 -CABECERA
campo de control de longitud fija 01031nam a22003137a 4500
003 - IDENTIFICADOR DEL NÚMERO DE CONTROL
campo de control CHAP
005 - FECHA Y HORA DE LA ÚLTIMA TRANSACCIÓN
campo de control 20220329141314.0
008 - DATOS DE LONGITUD FIJA--INFORMACIÓN GENERAL
campo de control de longitud fija 971010s1958 r 00010 d
010 ## - NÚMERO DE CONTROL DE LA BIBLIOTECA DEL CONGRESO
Número de control de LC 66123
011 ## - ENLACE DEL NUMERO DE CONTROL DE LA BIBLIOTECA DEL CONGRESO [OBSOLETO]
Número de control de LC 67095
035 ## - NÚMERO DE CONTROL DEL SISTEMA
Número de control de sistema 76334
040 ## - FUENTE DE LA CATALOGACIÓN
Centro/agencia transcriptor CHAP
082 ## - NÚMERO DE LA CLASIFICACIÓN DECIMAL DEWEY
Número de clasificación 630.5
Número de documento/Ítem Y4 1958
110 ## - ENTRADA PRINCIPAL--NOMBRE DE ENTIDAD CORPORATIVA
Nombre de entidad corporativa o nombre de jurisdicción como elemento de entrada Yearbook of Agriculture.
Fecha del congreso/reunión o de la firma de un tratado 1958
9 (RLIN) 123048
245 ## - MENCIÓN DE TÍTULO
Título Land
260 ## - PUBLICACIÓN, DISTRIBUCIÓN, ETC.
Lugar de publicación, distribución, etc. Washington :
Nombre del editor, distribuidor, etc. Government Printing Office,
Fecha de publicación, distribución, etc. 1958
300 ## - DESCRIPCIÓN FÍSICA
Extensión 605 p.
Otras características físicas : ilus.
590 ## - NOTA LOCAL (RLIN)
Nota local BATCH-UPD
Procedencia (VM) [OBSOLETO] 10
Condición del los carretes individuales (VM) [OBSOLETO] 20130110
-- UCH01
-- 1430
590 ## - NOTA LOCAL (RLIN)
Nota local CONVERSION
Procedencia (VM) [OBSOLETO] 10
Condición del los carretes individuales (VM) [OBSOLETO] 20130109
-- UCH01
-- 1336
650 14 - PUNTO DE ACCESO ADICIONAL DE MATERIA--TÉRMINO DE MATERIA
Término de materia o nombre geográfico como elemento de entrada Tierras
Subdivisión general Aprovechamiento
-- E.U.A.
9 (RLIN) 113075
650 14 - PUNTO DE ACCESO ADICIONAL DE MATERIA--TÉRMINO DE MATERIA
Término de materia o nombre geográfico como elemento de entrada Tierras
Subdivisión general E.U.A.
9 (RLIN) 113107
710 0# - PUNTO DE ACCESO ADICIONAL--NOMBRE DE ENTIDAD CORPORATIVA
Nombre de entidad corporativa o nombre de jurisdicción como elemento de entrada E.U.A. Department of Agriculture.
9 (RLIN) 34876
901 ## - ELEMENTOS DE DATOS A LOCAL LDA (RLIN)
a BK
942 ## - ELEMENTOS DE PUNTO DE ACCESO ADICIONAL (KOHA)
Tipo de ítem Koha Libro
949 ## - PROCESAMIENTO DE INFORMACIÓN LOCAL (OCLC)
a 630.5 Y4 1958
b BC
c BPA
d -154589
e BPA
h 19634
i 76334
s i
949 ## - PROCESAMIENTO DE INFORMACIÓN LOCAL (OCLC)
a 630.5 Y4 1958
b BC
c BPA
d -154590
e BPA
f c.2
h 51676
i 76334
s i
949 ## - PROCESAMIENTO DE INFORMACIÓN LOCAL (OCLC)
a 630.5 Y4 1958
b BC
c BPA
d -154591
e BPA
f c.3
h 51677
i 76334
s i
949 ## - PROCESAMIENTO DE INFORMACIÓN LOCAL (OCLC)
a 630.5 Y4 1958
b ZA
c CBD
d -9362
e C
h 5882
i 76334
s i
Holdings
Estado de retiro Estado de pérdida Estado dañado Restricciones de uso No para préstamo Código de colección Localización permanente Ubicación/localización actual Fecha de adquisición Información codificada de la localización en otra ubicación Número de inventario Total de préstamos Signatura topográfica completa Código de barras Fecha visto por última vez Precio válido a partir de Tipo de ítem Koha Número de copia
Material descartado     Préstamo 3 días   Material descartado Biblioteca Central Biblioteca Central 31/12/2019 LIBRO 127   630.5 Y4 1958 -154589 31/12/2019 31/12/2019 Libro  
Material descartado     Préstamo 3 días   Material descartado Biblioteca Central Biblioteca Central 31/12/2019 LIBRO 127   630.5 Y4 1958 -154590 31/12/2019 31/12/2019 Libro c.2
Material descartado     Préstamo 3 días   Material descartado Biblioteca Central Biblioteca Central 31/12/2019 LIBRO 127   630.5 Y4 1958 -154591 31/12/2019 31/12/2019 Libro c.3